| 000 | 01557cam a22002891i 4500 | ||
|---|---|---|---|
| 003 | SA-RiAUC | ||
| 005 | 20260307140541.0 | ||
| 008 | 260221s1914 ua g 000 0 ara c | ||
| 040 |
_aEG-CaDAJ _bara _cSA-RiAUC _erda |
||
| 082 | 0 | 4 | _a811.062 |
| 090 |
_aم ن 811.062 _bز ك ر |
||
| 100 | 1 |
_aزكريا الأنصاري، زكريا بن محمد بن أحمد، _d823-926 هجري _eمؤلف. |
|
| 245 | 1 | 2 |
_aالأضواء البهجة في إبراز دقائق المنفرجة / _cأبو يحيى زكريا بن محمد بن أحمد الأنصاري. و، المنعرجة على المنفرجة / عبد الله بن عبد العزيز الصوفي. |
| 264 | 1 |
_a[مكان النشر غير محدد] : _b[الناشر غير محدد]، _c1914 |
|
| 264 | 3 |
_aالقاهرة : _bالمطبعة الجمالية |
|
| 300 |
_a56 صفحة؛ _c29 سم. |
||
| 336 |
_aنص _btxt _2rdacontent _3كتاب |
||
| 337 |
_aبدون وسيط _bn _2rdamedia |
||
| 338 |
_aمجلد _bnc _2rdacarrier |
||
| 650 | 7 |
_aالشعر العربي الديني _zالأندلس _xتاريخ ونقد _yالمرابطون، 1086-1146 _2aucsh |
|
| 700 | 1 | 2 |
_aالصوفي، عبد الله بن عبد العزيز _tالمنعرجة على المنفرجة. |
| 700 | 1 | 2 |
_aابن النحوي، يوسف بن محمد بن يوسف، _d433-513 هجري. _tالقصيدة المنفرجة |
| 740 | 2 | 2 | _aالقصيدة المنفرجة. |
| 740 | 2 | 2 | _aالمنعرجة على المنفرجة. |
| 942 |
_2ddc _cRBOOK COPY _n0 |
||
| 949 |
_aSA-JeALM _d260221 _umohamedma123 _n1 |
||
| 999 |
_c14531 _d14531 |
||